000 nam a22 7a 4500
999 _c10153
_d10153
008 180212b ||||| |||| 00| 0 eng d
100 _aAggarwall R s
_96164
245 _aMental mathematics - II
260 _aNew Delhi
_bS, Chand Publication
_c2013